000
00267 a2200121 4500
000
nam a22 7a 4500
005
20260109185107.0
100
_a
Anton, Howard
_9
863611
245
_a
Elementary Linear Algebra
250
_a
12
260
_b
Wiley
942
_c
TEXL
999
_c
1467468
_d
1467468